[Event "Titled Tuesday intern op 13th Feb Early"]
[Site "Chess.com INT"]
[Date "2024.02.13"]
[Round "4"]
[White "Rozhkov, Viacheslav"]
[Black "Tomb, Maroun"]
[Result "0-1"]
[WhiteElo "2145"]
[BlackElo "2090"]
[PlyCount "90"]
[EventDate "2024.02.13"]
[EventType "swiss (blitz)"]
[EventRounds "11"]
[EventCountry "USA"]
[SourceTitle "CB08_2024"]
[SourceDate "2024.02.21"]
[SourceVersion "1"]
[SourceVersionDate "2024.02.21"]
[SourceQuality "1"]

1. e4 c5 2. Nf3 Nc6 3. d4 cxd4 4. Nxd4 e5 5. Nb5 d6 6. N1c3 a6 7. Na3 b5 8. Nd5 Nge7 9. c4 Nxd5 10. exd5 Nd4 11. cxb5 Be7 12. Be2 0-0 13. 0-0 Bb7 14. bxa6 Bxd5 15. Be3 Nxe2+ 16. Qxe2 Qa5 17. Rfd1 Be6 18. Qb5 Qxa6 19. h3 d5 20. Rac1 d4 21. Bd2 Bxa3 22. Qxa6 Rxa6 23. bxa3 Bxa2 24. Bb4 Re8 25. Rc5 f6 26. Rc7 Be6 27. Rdc1 h5 28. Rb7 Kh7 29. Rcc7 Rg8 30. Be7 Kg6 31. Kh2 h4 32. g4 hxg3+ 33. Kxg3 Kf5 34. Bb4 g5 35. Re7 Rh8 36. f3 d3 37. Rb5 Kg6 38. h4 gxh4+ 39. Kh2 Rc8 40. Rbb7 Rc2+ 41. Kg1 d2 42. Rg7+ Kf5 43. Bxd2 Rxd2 44. Rb4 Rxa3 45. Rb1 h3 0-1

[Event "Titled Tuesday intern op 13th Feb Early"]
[Site "Chess.com INT"]
[Date "2024.02.13"]
[Round "3"]
[White "Tomb, Maroun"]
[Black "Rushbrooke, Remy"]
[Result "0-1"]
[WhiteElo "2090"]
[BlackElo "2049"]
[PlyCount "40"]
[EventDate "2024.02.13"]
[EventType "swiss (blitz)"]
[EventRounds "11"]
[EventCountry "USA"]
[SourceTitle "CB08_2024"]
[SourceDate "2024.02.21"]
[SourceVersion "1"]
[SourceVersionDate "2024.02.21"]
[SourceQuality "1"]

1. e4 e5 2. Nf3 Nf6 3. d4 Nxe4 4. Bd3 d5 5. Nxe5 Nd7 6. Nxd7 Bxd7 7. Nc3 Nxc3 8. bxc3 Bd6 9. 0-0 0-0 10. Qh5 f5 11. Qf3 Kh8 12. Qxd5 Bc6 13. Qb3 Bxh2+ 14. Kxh2 Qh4+ 15. Kg1 Bxg2 16. f3 Bxf1 17. Kxf1 Rae8 18. Ba3 Qh1+ 19. Kf2 Qh2+ 20. Kf1 Rf6 0-1

[Event "Titled Tuesday intern op 09th Jan Early"]
[Site "Chess.com INT"]
[Date "2024.01.09"]
[Round "1"]
[White "Tomb, Maroun"]
[Black "Michalski, Olaf"]
[Result "1-0"]
[WhiteElo "2090"]
[BlackElo "2251"]
[PlyCount "77"]
[EventDate "2024.01.09"]
[EventType "swiss (blitz)"]
[EventRounds "11"]
[EventCountry "USA"]
[SourceTitle "CB03_2024"]
[SourceDate "2024.01.17"]
[SourceVersion "1"]
[SourceVersionDate "2024.01.17"]
[SourceQuality "1"]

1. e4 c5 2. Ne2 a6 3. c4 Nc6 4. Nbc3 e5 5. d3 d6 6. g3 g6 7. Bg2 Bg7 8. f4 Nge7 9. 0-0 0-0 10. h3 Nd4 11. g4 exf4 12. Nxf4 Nec6 13. Nfd5 Be6 14. Be3 b5 15. Qd2 bxc4 16. dxc4 Ne5 17. b3 Rb8 18. Bh6 Qh4 19. Bg5 Qg3 20. Qe3 Qxe3+ 21. Bxe3 Nc2 22. Rad1 Nxe3 23. Nxe3 Nxg4 24. Nxg4 Bxc3 25. Rxd6 Bd4+ 26. Kh1 h5 27. Nf6+ Kg7 28. Nd5 a5 29. Ra6 Ra8 30. Rxa8 Rxa8 31. Nc7 Ra7 32. Nb5 Rd7 33. Rd1 a4 34. Nxd4 cxd4 35. e5 axb3 36. axb3 f6 37. exf6+ Kxf6 38. c5 Bxb3 39. Rd2 1-0

[Event "Titled Tuesday intern op 26th Sep Early"]
[Site "Chess.com INT"]
[Date "2023.09.26"]
[Round "3"]
[White "Tomb, Maroun"]
[Black "Aaditya, Dhingra"]
[Result "0-1"]
[WhiteElo "2090"]
[BlackElo "2495"]
[PlyCount "92"]
[EventDate "2023.09.26"]
[EventType "swiss (blitz)"]
[EventRounds "11"]
[EventCountry "USA"]
[SourceTitle "EXT 2024"]
[Source "ChessBase"]
[SourceDate "2023.10.10"]
[SourceVersion "1"]
[SourceVersionDate "2023.10.10"]
[SourceQuality "1"]

1. e4 c6 2. Nc3 d5 3. Nf3 Bg4 4. h3 Bxf3 5. Qxf3 Nf6 6. d3 Nbd7 7. g4 e6 8. g5 Ng8 9. h4 Bd6 10. h5 Ne7 11. Bh3 Ne5 12. Qg2 Qb6 13. f4 Nd7 14. a3 0-0-0 15. b4 Qd4 16. Bb2 Bxf4 17. Nd1 Qb6 18. Bxg7 Rhg8 19. h6 Be5 20. c3 Bxg7 21. hxg7 Rxg7 22. Nf2 Ne5 23. 0-0-0 Qe3+ 24. Rd2 Nf3 25. Nd1 Qxd2+ 26. Qxd2 Nxd2 27. Kxd2 dxe4 28. d4 Rxg5 29. Bf1 h5 30. Ne3 f5 31. Nc4 Ng6 32. Ke3 Rg3+ 33. Kd2 h4 34. Be2 e5 35. Bh5 Nf4 36. Rxh4 Rg2+ 37. Kc1 Nd3+ 38. Kb1 exd4 39. cxd4 Rxd4 40. Bf7 Rg7 41. Be6+ Kc7 42. Rh8 Rdd7 43. Bxf5 Rd8 44. Rh3 Re7 45. Ne3 Nf4 46. Rh4 Nd5 0-1

[Event "Titled Tuesday intern op 29th Aug Early"]
[Site "Chess.com INT"]
[Date "2023.08.29"]
[Round "1"]
[White "Durarbayli, Vasif"]
[Black "Tomb, Maroun"]
[Result "1-0"]
[WhiteElo "2631"]
[BlackElo "2090"]
[PlyCount "69"]
[EventDate "2023.08.29"]
[EventType "swiss (blitz)"]
[EventRounds "11"]
[EventCountry "USA"]
[SourceTitle "EXT 2024"]
[Source "ChessBase"]
[SourceDate "2023.10.10"]
[SourceVersion "1"]
[SourceVersionDate "2023.10.10"]
[SourceQuality "1"]

1. e4 d6 2. d4 Nf6 3. Nc3 e5 4. Nf3 Nbd7 5. Be2 Be7 6. 0-0 c6 7. a4 Qc7 8. a5 0-0 9. h3 Re8 10. Re1 Nf8 11. Be3 Ng6 12. Qd2 h6 13. Bf1 Nh5 14. g3 Nf6 15. Kh2 Be6 16. Bg2 Rad8 17. d5 cxd5 18. exd5 Bf5 19. Bxa7 Rc8 20. Bb6 Qd7 21. Ng1 Bd8 22. Bxd8 Rexd8 23. g4 Bxg4 24. hxg4 Nxg4+ 25. Kh1 Nf4 26. Ra4 Qf5 27. Rxf4 exf4 28. Nh3 g5 29. Be4 Qf6 30. Rg1 h5 31. Bf3 Re8 32. Bxg4 hxg4 33. Rxg4 Re5 34. Kg2 Kf8 35. f3 1-0

[Event "Titled Tuesday intern op 15th Aug Late"]
[Site "Chess.com INT"]
[Date "2023.08.15"]
[Round "3"]
[White "Zierk, Steven C"]
[Black "Tomb, Maroun"]
[Result "1-0"]
[WhiteElo "2488"]
[BlackElo "2090"]
[PlyCount "55"]
[EventDate "2023.08.15"]
[EventType "swiss (blitz)"]
[EventRounds "11"]
[EventCountry "USA"]
[SourceTitle "EXT 2024"]
[Source "ChessBase"]
[SourceDate "2023.10.10"]
[SourceVersion "1"]
[SourceVersionDate "2023.10.10"]
[SourceQuality "1"]

1. e4 c5 2. Nf3 e6 3. d4 cxd4 4. Nxd4 a6 5. c4 Qc7 6. Nc3 Nc6 7. Be2 Nxd4 8. Qxd4 Ne7 9. Be3 Nc6 10. Qd2 Be7 11. 0-0 0-0 12. Na4 Ne5 13. Nb6 Rb8 14. f4 Ng6 15. b4 a5 16. bxa5 Bc5 17. Bxc5 Qxc5+ 18. Kh1 d6 19. Rab1 e5 20. Rb5 Qc6 21. f5 Nf4 22. Bf3 g6 23. g3 Nh3 24. Bg2 gxf5 25. exf5 e4 26. Bxh3 e3+ 27. Qd5 Re8 28. Re1 1-0

[Event "Titled Tuesday intern op 17th Jan Late"]
[Site "Chess.com INT"]
[Date "2023.01.17"]
[Round "1"]
[White "Panda, Vedic"]
[Black "Tomb, Maroun"]
[Result "1-0"]
[WhiteElo "2024"]
[BlackElo "2090"]
[PlyCount "69"]
[EventDate "2023.01.17"]
[EventType "swiss (blitz)"]
[EventRounds "11"]
[EventCountry "USA"]
[SourceTitle "CBM 212 Extra"]
[Source "ChessBase"]
[SourceDate "2023.03.31"]
[SourceVersion "1"]
[SourceVersionDate "2023.03.31"]
[SourceQuality "1"]

1. e4 d6 2. d4 Nf6 3. Nc3 e5 4. Nf3 Nbd7 5. Bc4 Be7 6. 0-0 c6 7. a4 Qc7 8. a5 h6 9. Re1 Nf8 10. Bb3 Ng6 11. d5 0-0 12. Nd2 Bd7 13. a6 b6 14. dxc6 Bxc6 15. Nc4 Rad8 16. Ne3 Nf4 17. g3 Ne6 18. Ned5 Bxd5 19. Nxd5 Nxd5 20. Bxd5 Rc8 21. c3 Qd8 22. Qg4 Bg5 23. f4 exf4 24. gxf4 Bh4 25. Rf1 Qe7 26. f5 Nc5 27. Bxh6 Bf6 28. Bxg7 Kh7 29. Kh1 Bxg7 30. f6 Bxf6 31. Qh5+ Kg8 32. Rg1+ Bg7 33. Rxg7+ Kxg7 34. Rg1+ Kf6 35. Qf5# 1-0

[Event "Titled Tuesday intern op 17th Jan Late"]
[Site "Chess.com INT"]
[Date "2023.01.17"]
[Round "7"]
[White "Tomb, Maroun"]
[Black "Haszon, David"]
[Result "0-1"]
[WhiteElo "2090"]
[BlackElo "2280"]
[PlyCount "72"]
[EventDate "2023.01.17"]
[EventType "swiss (blitz)"]
[EventRounds "11"]
[EventCountry "USA"]
[SourceTitle "CBM 212 Extra"]
[Source "ChessBase"]
[SourceDate "2023.03.31"]
[SourceVersion "1"]
[SourceVersionDate "2023.03.31"]
[SourceQuality "1"]

1. e4 e5 2. Nf3 Nc6 3. Bb5 Nf6 4. d4 exd4 5. 0-0 a6 6. Ba4 b5 7. Bb3 d6 8. Ng5 Ne5 9. f4 Nc4 10. e5 h6 11. exf6 hxg5 12. Bxc4 bxc4 13. Re1+ Kd7 14. fxg5 c5 15. Qf3 Rb8 16. Na3 gxf6 17. gxf6 Bb7 18. Qf5+ Kc7 19. Nxc4 Qd7 20. Qf2 Rg8 21. Bf4 Bd5 22. Nxd6 Bxd6 23. Re7 Rxg2+ 24. Qxg2 Bxg2 25. Bxd6+ Kxd6 26. Rxd7+ Kxd7 27. Kxg2 Rxb2 28. h4 Rxc2+ 29. Kg3 Ke6 30. Rf1 Rb2 31. h5 Rb8 32. Kg4 Rg8+ 33. Kf4 Kxf6 34. Ke4+ Ke6 35. Kd3 Rg3+ 36. Kc4 Rc3# 0-1

[Event "Titled Tuesday intern op 17th Jan Late"]
[Site "Chess.com INT"]
[Date "2023.01.17"]
[Round "5"]
[White "Zeman, Matyas"]
[Black "Tomb, Maroun"]
[Result "0-1"]
[WhiteElo "2294"]
[BlackElo "2090"]
[PlyCount "126"]
[EventDate "2023.01.17"]
[EventType "swiss (blitz)"]
[EventRounds "11"]
[EventCountry "USA"]
[SourceTitle "CBM 212 Extra"]
[Source "ChessBase"]
[SourceDate "2023.03.31"]
[SourceVersion "1"]
[SourceVersionDate "2023.03.31"]
[SourceQuality "1"]

1. d4 Nf6 2. Nc3 d6 3. e4 e5 4. dxe5 dxe5 5. Qxd8+ Kxd8 6. Bc4 Ke8 7. f3 c6 8. Nge2 a5 9. a4 Bc5 10. Nd1 Ke7 11. Be3 Nbd7 12. c3 g6 13. Kf2 h5 14. h4 Rd8 15. Nc1 Ne8 16. Nb3 Bxe3+ 17. Nxe3 Nd6 18. Rhd1 b6 19. Bf1 f6 20. Rd2 Nb7 21. Rad1 Rf8 22. Nc4 Rb8 23. g3 Nbc5 24. Nxc5 Nxc5 25. Rd6 Nxa4 26. Rxc6 Rb7 27. Ra1 Bd7 28. Rd6 b5 29. Nxa5 Kxd6 30. Nxb7+ Kc7 31. Na5 Nxb2 32. Rb1 Ra8 33. Rxb2 Rxa5 34. Ke3 Kd6 35. Rd2+ Kc6 36. Be2 Ra3 37. Rc2 Be6 38. Kd2 Bb3 39. Rb2 Ba4 40. Bd3 Kc5 41. f4 Ra1 42. Bb1 Kc4 43. Bd3+ Kc5 44. Bb1 Ra3 45. Ba2 Kd6 46. Bf7 Ra1 47. Bxg6 Rg1 48. Bxh5 Rxg3 49. f5 Rh3 50. Be2 Rxh4 51. Ke3 Rh3+ 52. Bf3 Bd1 53. Rf2 Kc5 54. Rf1 Rxf3+ 55. Rxf3 Bxf3 56. Kxf3 Kc4 57. Kg4 Kxc3 58. Kh5 b4 59. Kg6 b3 60. Kxf6 b2 61. Kg7 b1Q 62. f6 Qxe4 63. f7 Qf4 0-1

[Event "Titled Tuesday intern op 27th Dec Early"]
[Site "Chess.com INT"]
[Date "2022.12.27"]
[Round "8"]
[White "Garcia Ramos, Daniel"]
[Black "Tomb, Maroun"]
[Result "1-0"]
[WhiteElo "2439"]
[BlackElo "2090"]
[PlyCount "145"]
[EventDate "2022.12.27"]
[EventType "swiss (blitz)"]
[EventRounds "11"]
[EventCountry "USA"]
[SourceTitle "EXT 2024"]
[Source "ChessBase"]
[SourceDate "2023.10.10"]
[SourceVersion "1"]
[SourceVersionDate "2023.10.10"]
[SourceQuality "1"]

1. e4 d6 2. d4 Nf6 3. Nc3 e5 4. Nf3 Nbd7 5. Bc4 Be7 6. 0-0 c6 7. a4 h6 8. Re1 Qc7 9. h3 Nf8 10. a5 Ng6 11. d5 0-0 12. a6 b5 13. Bb3 b4 14. Nb1 cxd5 15. exd5 Nd7 16. Be3 f5 17. c3 f4 18. Bd2 Nc5 19. Bc2 Bf5 20. Bxf5 Rxf5 21. Qc2 Raf8 22. cxb4 Nxa6 23. Qxc7 Nxc7 24. Nc3 a6 25. Kf1 Rb8 26. Ra4 Nf8 27. Ke2 Nd7 28. Kd3 Nb6 29. Ra5 Kf7 30. b3 g5 31. Ke4 Kg6 32. Rc1 h5 33. Ne2 Ncxd5 34. Rxd5 Nxd5 35. Kxd5 g4 36. hxg4 hxg4 37. Nh2 Rb5+ 38. Ke6 f3 39. gxf3 Rf6+ 40. Kxe7 Rb7+ 41. Ke8 gxf3 42. Rg1+ Kf5 43. Nxf3 Re6+ 44. Kf8 Rf6+ 45. Kg8 Re6 46. Nfd4+ exd4 47. Nxd4+ Kf6 48. Bg5+ Ke5 49. Nxe6 Kxe6 50. Bd2 Kd5 51. Rg5+ Kc6 52. Ra5 d5 53. Rxa6+ Kb5 54. Ra5+ Kc6 55. Rc5+ Kd6 56. Bc3 Ke6 57. f4 Ra7 58. Rc6+ Kf5 59. Be5 Rb7 60. Rf6+ Ke4 61. Re6 d4 62. Bxd4+ Kxd4 63. f5 Kd5 64. Kf8 Rxb4 65. Kf7 Rxb3 66. f6 Rh3 67. Re1 Rh7+ 68. Kg8 Rh2 69. f7 Rg2+ 70. Kf8 Kd6 71. Re4 Rg1 72. Ke8 Ra1 73. f8Q+ 1-0

[Event "Titled Tuesday intern op 27th Dec Early"]
[Site "Chess.com INT"]
[Date "2022.12.27"]
[Round "6"]
[White "Tomb, Maroun"]
[Black "Veljanoski, Andrej"]
[Result "1-0"]
[WhiteElo "2090"]
[BlackElo "2312"]
[PlyCount "47"]
[EventDate "2022.12.27"]
[EventType "swiss (blitz)"]
[EventRounds "11"]
[EventCountry "USA"]
[SourceTitle "EXT 2024"]
[Source "ChessBase"]
[SourceDate "2023.10.10"]
[SourceVersion "1"]
[SourceVersionDate "2023.10.10"]
[SourceQuality "1"]

1. e4 e5 2. Nf3 Nc6 3. Bb5 a6 4. Ba4 Nge7 5. d4 exd4 6. Nxd4 g6 7. 0-0 b5 8. Bb3 Bg7 9. Ne2 0-0 10. Nbc3 Na5 11. f4 Nxb3 12. axb3 Bb7 13. f5 Be5 14. f6 Nc8 15. Bh6 Re8 16. Bg7 Nd6 17. Qd3 Nxe4 18. Nxe4 Bxe4 19. Qh3 Re6 20. Qh4 Bxc2 21. Rf3 Bxb2 22. Qxh7+ Kxh7 23. Rh3+ Kg8 24. Rh8# 1-0

[Event "Titled Tuesday intern op 15th Nov Early"]
[Site "Chess.com INT"]
[Date "2022.11.15"]
[Round "3"]
[White "Fajdetic, Hrvoje"]
[Black "Tomb, Maroun"]
[Result "0-1"]
[WhiteElo "2151"]
[BlackElo "2090"]
[PlyCount "102"]
[EventDate "2022.11.15"]
[EventType "swiss (blitz)"]
[EventRounds "11"]
[EventCountry "USA"]
[SourceTitle "CBM 211 Extra"]
[Source "ChessBase"]
[SourceDate "2023.01.31"]
[SourceVersion "1"]
[SourceVersionDate "2023.01.31"]
[SourceQuality "1"]

1. d4 Nf6 2. Bf4 d6 3. Nc3 Nbd7 4. Nf3 Nh5 5. Bg5 h6 6. Bh4 g5 7. Bg3 Bg7 8. e3 c5 9. Bb5 a6 10. Bxd7+ Bxd7 11. Qd2 cxd4 12. exd4 Rc8 13. 0-0-0 Qa5 14. Kb1 b5 15. Rde1 Nxg3 16. hxg3 Bf5 17. g4 Bg6 18. a3 b4 19. axb4 Qxb4 20. Rxe7+ Kf8 21. Re3 Rb8 22. Nd1 Qxd2 23. Nxd2 Bxd4 24. Ra3 Kg7 25. g3 Rhc8 26. Rd3 Bxd3 27. cxd3 Re8 28. Ne4 d5 29. Nd6 Re2 30. Nf5+ Kg8 31. Nxd4 Rd2 32. Nf5 Rxd3 33. Nxh6+ Kg7 34. Nf5+ Kg8 35. f4 gxf4 36. gxf4 Rb4 37. Rf1 a5 38. g5 a4 39. Ne7+ Kf8 40. Ka1 Kxe7 41. f5 a3 42. g6 axb2+ 43. Nxb2 Ra3+ 44. Kb1 Rab3 45. f6+ Ke6 46. g7 Rxb2+ 47. Ka1 Rg2 48. Rf3 Rb8 49. Re3+ Kxf6 50. Re6+ Kxe6 51. g8Q Rbxg8 0-1

[Event "Titled Tuesday intern op 15th Nov Early"]
[Site "Chess.com INT"]
[Date "2022.11.15"]
[Round "5"]
[White "Pg, Mohd Omar Ak Hira"]
[Black "Tomb, Maroun"]
[Result "0-1"]
[WhiteElo "2166"]
[BlackElo "2090"]
[PlyCount "60"]
[EventDate "2022.11.15"]
[EventType "swiss (blitz)"]
[EventRounds "11"]
[EventCountry "USA"]
[SourceTitle "CBM 211 Extra"]
[Source "ChessBase"]
[SourceDate "2023.01.31"]
[SourceVersion "1"]
[SourceVersionDate "2023.01.31"]
[SourceQuality "1"]

1. e4 c5 2. Nf3 Nc6 3. d4 cxd4 4. Nxd4 e5 5. Nb3 f5 6. exf5 Nf6 7. Bg5 d5 8. Bb5 Bxf5 9. 0-0 a6 10. Bxc6+ bxc6 11. Re1 Bd6 12. c4 d4 13. Nxd4 Bxb1 14. Nxc6 Qc7 15. Nxe5 Bxe5 16. Bxf6 gxf6 17. Rxb1 Qxc4 18. Rc1 Qxa2 19. Qh5+ Qf7 20. Qg4 Kf8 21. b4 Rg8 22. Qe4 Rd8 23. Rc6 Qd5 24. Qxd5 Rxd5 25. Rxa6 Kg7 26. g3 Rb8 27. Ra7+ Kg6 28. Re4 Rd4 29. Rxd4 Bxd4 30. Ra4 Bc3 0-1

[Event "Titled Tuesday intern op 15th Nov Early"]
[Site "Chess.com INT"]
[Date "2022.11.15"]
[Round "4"]
[White "Tomb, Maroun"]
[Black "Mahdavi, Reza"]
[Result "0-1"]
[WhiteElo "2090"]
[BlackElo "2316"]
[PlyCount "50"]
[EventDate "2022.11.15"]
[EventType "swiss (blitz)"]
[EventRounds "11"]
[EventCountry "USA"]
[SourceTitle "CBM 211 Extra"]
[Source "ChessBase"]
[SourceDate "2023.01.31"]
[SourceVersion "1"]
[SourceVersionDate "2023.01.31"]
[SourceQuality "1"]

1. e4 c5 2. Ne2 e6 3. d4 cxd4 4. Nxd4 Nc6 5. Nc3 Qc7 6. g3 a6 7. Bg2 Nf6 8. 0-0 Nxd4 9. Qxd4 Bc5 10. Bf4 d6 11. Qd2 h6 12. Rad1 e5 13. Be3 Bb4 14. Nd5 Nxd5 15. Qxd5 Be6 16. Qd3 Bc4 17. Bb6 Qc6 18. Qe3 Bxf1 19. Bxf1 Qxc2 20. Rc1 Qxb2 21. Rc7 0-0 22. Bc4 Rac8 23. Bxf7+ Kh8 24. Rxb7 Bc5 25. Qb3 Qxf2+ 0-1

[Event "Titled Tuesday intern op 13th Sep Early"]
[Site "Chess.com INT"]
[Date "2022.09.13"]
[Round "6"]
[White "Harsh, Suresh"]
[Black "Tomb, Maroun"]
[Result "1-0"]
[WhiteElo "2280"]
[BlackElo "2090"]
[PlyCount "59"]
[EventDate "2022.09.13"]
[EventType "swiss (blitz)"]
[EventRounds "11"]
[EventCountry "USA"]
[SourceTitle "EXT 2023"]
[Source "ChessBase"]
[SourceDate "2022.10.05"]
[SourceVersion "1"]
[SourceVersionDate "2022.10.05"]
[SourceQuality "1"]

1. e4 d6 2. d4 Nf6 3. Nc3 e5 4. Nf3 Nbd7 5. h3 c6 6. Be3 Be7 7. a4 Qc7 8. Be2 h6 9. 0-0 Nf8 10. a5 g5 11. Nd2 Ng6 12. Nc4 Nxe4 13. Nxe4 d5 14. dxe5 dxe4 15. Nd6+ Kf8 16. Bd4 Be6 17. Bg4 Rd8 18. Bxe6 fxe6 19. Qg4 Nf4 20. g3 h5 21. Qd1 Nxh3+ 22. Kg2 g4 23. f3 exf3+ 24. Rxf3+ gxf3+ 25. Qxf3+ Kg7 26. Qf7+ Kh6 27. Qxe6+ Kg7 28. Qf7+ Kh6 29. Be3+ Ng5 30. Nf5# 1-0

[Event "Titled Tuesday intern op 13th Sep Late"]
[Site "Chess.com INT"]
[Date "2022.09.13"]
[Round "5"]
[White "Mirzoev, Azer"]
[Black "Tomb, Maroun"]
[Result "1-0"]
[WhiteElo "2454"]
[BlackElo "2090"]
[PlyCount "51"]
[EventDate "2022.09.13"]
[EventType "swiss (blitz)"]
[EventRounds "11"]
[EventCountry "USA"]
[SourceTitle "EXT 2023"]
[Source "ChessBase"]
[SourceDate "2022.10.05"]
[SourceVersion "1"]
[SourceVersionDate "2022.10.05"]
[SourceQuality "1"]

1. c4 d6 2. Nc3 Nf6 3. e4 e5 4. g3 Nbd7 5. Bg2 c6 6. Nge2 Be7 7. 0-0 a6 8. d3 b5 9. b3 0-0 10. h3 Bb7 11. f4 Re8 12. Kh2 h6 13. Be3 b4 14. Na4 d5 15. exd5 cxd5 16. fxe5 Nxe5 17. Nf4 g5 18. Nh5 Rb8 19. Ba7 Ra8 20. Bd4 Nxh5 21. Qxh5 Bf6 22. Rae1 Qe7 23. Bxe5 Bxe5 24. Rxe5 Qxe5 25. Qxf7+ Kh8 26. Rf6 1-0

[Event "Titled Tuesday intern op 13th Sep Late"]
[Site "Chess.com INT"]
[Date "2022.09.13"]
[Round "2"]
[White "Shirov, Alexei"]
[Black "Tomb, Maroun"]
[Result "1-0"]
[WhiteElo "2673"]
[BlackElo "2090"]
[PlyCount "39"]
[EventDate "2022.09.13"]
[EventType "swiss (blitz)"]
[EventRounds "11"]
[EventCountry "USA"]
[SourceTitle "EXT 2023"]
[Source "ChessBase"]
[SourceDate "2022.10.05"]
[SourceVersion "1"]
[SourceVersionDate "2022.10.05"]
[SourceQuality "1"]

1. e4 d6 2. d4 Nf6 3. Nc3 e5 4. Nf3 Nbd7 5. g4 Nxg4 6. Rg1 Ngf6 7. Bc4 h6 8. Be3 c6 9. dxe5 dxe5 10. Qd3 Qc7 11. Bxf7+ Kxf7 12. Qc4+ Ke7 13. Nh4 Nb6 14. Ng6+ Ke8 15. Bxb6 axb6 16. 0-0-0 Rh7 17. Nb5 Qf7 18. Rd8+ Kxd8 19. Qxf7 cxb5 20. Nxf8 1-0

[Event "Titled Tuesday intern op 13th Sep Early"]
[Site "Chess.com INT"]
[Date "2022.09.13"]
[Round "2"]
[White "Tomb, Maroun"]
[Black "Horcajuelo Rocamora, Martin"]
[Result "1-0"]
[WhiteElo "2090"]
[BlackElo "2194"]
[PlyCount "99"]
[EventDate "2022.09.13"]
[EventType "swiss (blitz)"]
[EventRounds "11"]
[EventCountry "USA"]
[SourceTitle "EXT 2023"]
[Source "ChessBase"]
[SourceDate "2022.10.05"]
[SourceVersion "1"]
[SourceVersionDate "2022.10.05"]
[SourceQuality "1"]

1. e4 c5 2. Ne2 b6 3. g3 Bb7 4. Bg2 g6 5. 0-0 Bg7 6. c3 d6 7. d4 Nd7 8. Be3 Rc8 9. Nd2 Qc7 10. Rc1 Ngf6 11. h3 0-0 12. a3 Ba6 13. b4 e5 14. f4 Nh5 15. Kh2 Qb7 16. g4 exd4 17. cxd4 cxd4 18. Rxc8 Rxc8 19. e5 Qc7 20. Bxd4 dxe5 21. gxh5 exd4 22. hxg6 hxg6 23. Rf2 Re8 24. Ng3 Bh6 25. Qf3 Re3 26. Qg4 Nf6 27. Qh4 Bg7 28. Nde4 Nxe4 29. Nxe4 Bb7 30. Ng5 Bxg2 31. Kxg2 d3 32. f5 Re2 33. Rxe2 dxe2 34. Qe4 Qd8 35. Nf3 Qd1 36. Qe8+ Kh7 37. Qxf7 Qf1+ 38. Kg3 e1Q+ 39. Nxe1 Qxe1+ 40. Kg4 Qe4+ 41. Kg3 Qxf5 42. Qxa7 Qe5+ 43. Kg2 Qe4+ 44. Kg3 Qe3+ 45. Kg2 Kh6 46. a4 Be5 47. a5 Qe2+ 48. Kg1 Bg3 49. Qxb6 Qh2+ 50. Kf1 1-0

[Event "Titled Tuesday intern op 13th Sep Early"]
[Site "Chess.com INT"]
[Date "2022.09.13"]
[Round "5"]
[White "Tomb, Maroun"]
[Black "Sanchez, Roberto Daniel"]
[Result "1-0"]
[WhiteElo "2090"]
[BlackElo "1966"]
[PlyCount "49"]
[EventDate "2022.09.13"]
[EventType "swiss (blitz)"]
[EventRounds "11"]
[EventCountry "USA"]
[SourceTitle "EXT 2023"]
[Source "ChessBase"]
[SourceDate "2022.10.05"]
[SourceVersion "1"]
[SourceVersionDate "2022.10.05"]
[SourceQuality "1"]

1. e4 e6 2. d4 d5 3. Nd2 Nf6 4. e5 Nfd7 5. f4 c5 6. c3 Nc6 7. Ndf3 a5 8. h4 a4 9. h5 cxd4 10. cxd4 Nb6 11. a3 Bd7 12. Bd3 Na5 13. Ne2 Nac4 14. Ng3 f6 15. h6 g6 16. exf6 Qxf6 17. Ne5 Bd6 18. 0-0 0-0 19. Qg4 Bb5 20. Rf3 Rae8 21. Rb1 Re7 22. Nh5 Qh8 23. Nxg6 Qxd4+ 24. Be3 Qxd3 25. Ne5+ 1-0

[Event "Titled Tuesday intern op 02nd Aug Early"]
[Site "Chess.com INT"]
[Date "2022.08.02"]
[Round "4"]
[White "Mestnikov, Aisen"]
[Black "Tomb, Maroun"]
[Result "0-1"]
[WhiteElo "2097"]
[BlackElo "2090"]
[PlyCount "60"]
[EventDate "2022.08.02"]
[EventType "swiss (blitz)"]
[EventRounds "11"]
[EventCountry "USA"]
[SourceTitle "EXT 2023"]
[Source "ChessBase"]
[SourceDate "2022.10.05"]
[SourceVersion "1"]
[SourceVersionDate "2022.10.05"]
[SourceQuality "1"]

1. d4 Nf6 2. c4 e6 3. Nf3 Bb4+ 4. Bd2 Be7 5. g3 0-0 6. Bg2 c5 7. 0-0 cxd4 8. Nxd4 Nc6 9. Bc3 d5 10. b3 Qb6 11. Nxc6 bxc6 12. cxd5 cxd5 13. Nd2 Ba6 14. Re1 Rac8 15. Bb2 Bb4 16. a3 Bc3 17. Bxc3 Rxc3 18. Rc1 Rfc8 19. Rxc3 Rxc3 20. e3 h5 21. h4 Qa5 22. Qa1 Rc2 23. Nf3 Ne4 24. Rc1 Rxf2 25. Ng5 Rxg2+ 26. Kxg2 Qd2+ 27. Kh1 Nxg5 28. hxg5 Bd3 29. Qc3 Be4+ 30. Kg1 Qg2# 0-1

[Event "Titled Tuesday intern op 02nd Aug Early"]
[Site "Chess.com INT"]
[Date "2022.08.02"]
[Round "1"]
[White "Tomb, Maroun"]
[Black "Delorme, Alban"]
[Result "1-0"]
[WhiteElo "2090"]
[BlackElo "2295"]
[PlyCount "51"]
[EventDate "2022.08.02"]
[EventType "swiss (blitz)"]
[EventRounds "11"]
[EventCountry "USA"]
[SourceTitle "EXT 2023"]
[Source "ChessBase"]
[SourceDate "2022.10.05"]
[SourceVersion "1"]
[SourceVersionDate "2022.10.05"]
[SourceQuality "1"]

1. e4 c5 2. Ne2 Nc6 3. Nbc3 d6 4. h3 Nf6 5. g4 g6 6. d4 cxd4 7. Nxd4 Bg7 8. Nde2 0-0 9. Bg2 Be6 10. Nd5 Rc8 11. 0-0 Ne5 12. a4 Bxd5 13. exd5 Nc4 14. Ra2 Qa5 15. b3 Nb6 16. Bd2 Qc5 17. Be3 Qc7 18. c4 Nbd7 19. Nd4 Nc5 20. Re1 a6 21. Rae2 Nfe4 22. Qc2 f5 23. Ne6 Nxe6 24. dxe6 Nc5 25. b4 Nxe6 26. Bd5 1-0

[Event "Titled Tuesday intern op 02nd Aug Early"]
[Site "Chess.com INT"]
[Date "2022.08.02"]
[Round "3"]
[White "Tomb, Maroun"]
[Black "Ponce Cano, Adrian"]
[Result "0-1"]
[WhiteElo "2090"]
[BlackElo "2208"]
[PlyCount "54"]
[EventDate "2022.08.02"]
[EventType "swiss (blitz)"]
[EventRounds "11"]
[EventCountry "USA"]
[SourceTitle "EXT 2023"]
[Source "ChessBase"]
[SourceDate "2022.10.05"]
[SourceVersion "1"]
[SourceVersionDate "2022.10.05"]
[SourceQuality "1"]

1. e4 c5 2. Ne2 e6 3. Nbc3 d5 4. exd5 exd5 5. d4 Nc6 6. Be3 b6 7. g3 Nf6 8. Bg2 c4 9. Nf4 Be6 10. h3 Bb4 11. 0-0 0-0 12. Nb1 Qd7 13. c3 Bd6 14. Kh2 h6 15. Nd2 Rfe8 16. b3 b5 17. a4 a6 18. axb5 axb5 19. Rxa8 Rxa8 20. bxc4 bxc4 21. Nxc4 dxc4 22. d5 Bxf4 23. dxe6 Bxg3+ 24. fxg3 Qxe6 25. Qf3 Ra2 26. Kh1 Ne5 27. Qe4 Nxe4 0-1